Parachutes /

Bibliographic Details
Main Author: Zim, Herbert S. (Herbert Spencer), 1909-1994
Format: Book
Language:English
Published: New York : Harcourt, Brace and company, [1942]
Subjects:

MARC

Tag First Indicator Second Indicator Subfields
LEADER 00000cam a2200000 4500
001 in00000096279
005 20150925090022.0
008 740607s1942 eng u
010 |a  42036288  
035 |a (OCoLC)00910511 
035 |9 AAL2239AM 
040 |c MSC  |d TXA  |d UtOrBLW 
049 |a TXAM  |c 1 [371992]  |c 2 [664739] 
050 0 0 |a TL750  |b .Z5 
100 1 |a Zim, Herbert S.  |q (Herbert Spencer),  |d 1909-1994. 
245 1 0 |a Parachutes /  |c by Herbert S. Zim, illustrated with drawings by James MacDonald and with photographs. 
264 1 |a New York :  |b Harcourt, Brace and company,  |c [1942] 
300 |a xii,252 pages :  |b illustrations ;  |c 22 cm. 
336 |a text  |b txt  |2 rdacontent 
337 |a unmediated  |b n  |2 rdamedia 
338 |a volume  |b nc  |2 rdacarrier 
536 |a Gift of Ben Allen jr. '56. 
650 0 |a Parachutes. 
999 |a MARS 
999 f f |s c00d1eee-614d-3727-8dde-0224e0782957  |i 551a68dc-36ad-3e71-821d-40d73b67e8a0  |t 0 
952 f f |p normal  |a Texas A&M University  |b College Station  |c Sterling C. Evans Library  |s Evans stk  |d Evans: Library Stacks  |t 0  |e TL750 .Z5  |h Library of Congress classification  |i unmediated -- volume  |m A14805552782 
952 f f |p ric  |a Texas A&M University  |b Rellis Campus  |c Joint Library Facility  |s JLF  |d Remote Storage  |t 0  |e TL750 .Z5  |h Library of Congress classification  |i unmediated -- volume  |m A14805552774 
998 f f |a TL750 .Z5  |t 0  |l Evans: Library Stacks 
998 f f |a TL750 .Z5  |t 0  |l Remote Storage